Teoría y problemas de física general / (Record no. 37370)

MARC details
000 -LEADER
campo de control de longitud fija 00772nam a2200229 i 4500
001 - NÚMERO DE CONTROL
campo de control 37370
003 - IDENTIFICADOR DE NÚMERO DE CONTROL
campo de control ES-MaACL
005 - FECHA Y HORA DE LA ÚLTIMA TRANSACCIÓN
campo de control 20230906155548.0
007 - CAMPO FIJO DE DESCRIPCIÓN FÍSICA--INFORMACIÓN GENERAL
campo de control de longitud fija t|
008 - DATOS DE LONGITUD FIJA--INFORMACIÓN GENERAL
campo de control de longitud fija 030220s1982 mx ||||1| spa d
100 1# - ENTRADA PRINCIPAL--NOMBRE DE PERSONA
Nombre de persona Bueche, Frederick J.
9 (RLIN) 32340
245 10 - MENCIÓN DEL TÍTULO
Título Teoría y problemas de física general /
Mención de responsabilidad, etc. Frederick J. Bueche ; traducción Griselda Zetina Vélez ; revisión técnia Eduardo Ramirez Grycut.
250 ## - MENCION DE EDICION
Mención de edición 2ª ed.
260 ## - PUBLICACIÓN, DISTRIBUCIÓN, ETC.
Lugar de publicación, distribución, etc. México :
Nombre del editor, distribuidor, etc. McGraw-Hill,
Fecha de publicación, distribución, etc. [1982]
300 ## - DESCRIPCIÓN FÍSICA
Extensión 394 p. :
Otras características físicas il. ;
Dimensiones 27 cm.
490 1# - MENCIÓN DE SERIE
Mención de serie Serie de Compendios Schaum
700 1# - ENTRADA AGREGADA--NOMBRE PERSONAL
Nombre de persona Zetina Vélez, Griselda.
9 (RLIN) 118210
700 1# - ENTRADA AGREGADA--NOMBRE PERSONAL
Nombre de persona Ramirez Grycut, Eduardo.
9 (RLIN) 95152
830 0# - PUNTO DE ACCESO ADICIONAL DE SERIE-TÍTULO UNIFORME
Título uniforme Serie de Compendios Schaum
9 (RLIN) 181142
852 ## - LOCALIZACIÓN
Ubicación ES-MaACL
Número de control de estantería L-3060
Sublocalización o colección R.103653
Holdings
Estatus retirado Estado de pérdida Estado de daño No para préstamo Biblioteca de origen Biblioteca actual Ubicación en estantería Fecha de adquisición Fuente de adquisición Total de préstamos Signatura topográfica completa Código de barras Visto por última vez Precio de reemplazo Tipo de ítem Koha
        Biblioteca del Ateneo de Madrid Biblioteca del Ateneo de Madrid Depósito 2 17/01/2008     L-3060 1039329 23/02/2023 23/02/2023 Libro impreso